000 01560ngm a22004330a 4500
001 PT36640
003 AR-LpoUNG
005 20210202000506.0
007 vd cvaizq
008 191001suuuu||||ag |||||||||||||||||spa d
037 _c$8.30
040 _aAR-LpoUNG
_bspa
_cAR-LpoUNG
_eaacr
041 _aspa
044 _aag
082 0 _a982.064 645bot
100 1 _aBlaustein, David
_edir.
245 1 0 _aBotín de guerra
260 _aBuenos Aires :
_bAVH,
_c2000.
300 _aDVD (115 min.) : son., col.
505 0 _aGuión: Luisa Irene Ickowicz y David Blaustein.
520 _aDocumental en el que se ofrece un testimonio de la conmovedora historia de las Abuelas de la Plaza de Mayo y su lucha por conseguir la restitución de sus nietos apropiados, durante la dictadura militar en Argentina. También muestra cómo se han ido sumando a ellas los nietos restituidos y los jóvenes que buscan conocer el paradero de sus hermanos, que hasta hoy siguen siendo retenidos como botín de guerra.
650 4 _aARGENTINA
650 4 _aCONSECUENCIAS SOCIALES
650 4 _aDICTADURA
650 4 _aGOBIERNO MILITAR
650 4 _aHISTORIA
650 4 _aVICTIMAS
650 4 _aVIOLENCIA
651 4 _aArgentina
653 _aABUELAS DE PLAZA DE MAYO
653 _aCINE ARGENTINO
653 _aDOCUMENTALES
653 _aVIDEOS
710 2 _aTelevisión Española (Madrid)
710 2 _aTornasol Films (firma comercial : Madrid)
710 2 _aZafra Difusión (firma comercial : Buenos Aires)
905 _a36640
942 _cDVD
999 _c54956
_d54956